tạp chí khoa học và công nghệ

Salvato in:
Dettagli Bibliografici
Autore principale: Đại học đà nẵng
Natura: Libro
Lingua:Vietnamese
Pubblicazione: Sở Giáo dục - đào tạo 2008
Tags: Aggiungi Tag
Nessun Tag, puoi essere il primo ad aggiungerne! !
Thư viện lưu trữ: Mạng thư viện Đại học Đà Nẵng
LEADER 00633nam a2200265 4500
001 000027556
003 ISSN(08)
005 20150624120000.0
008 150624s vm 000 vie
020 |c 0,0000 
040 |a notts 
100 |a Đại học đà nẵng 
245 |a tạp chí khoa học và công nghệ 
260 |b Sở Giáo dục - đào tạo  |c 2008 
OWN |a LTT 
999 |a From the UDN01 
TYP |a Monograph 
TYP |a Printed language 
980 |a Mạng thư viện Đại học Đà Nẵng